000 00572pam a2200217 a 4500
001 2860628
005 20180314055130.0
008 850918t19861984nyuc 000 0 eng
010 _a 85023127
020 _a0070542066 (pbk.) :
_c$7.95 ($10.95 Can.)
040 _aDLC
_cDLC
_dDLC
041 _aeng
043 _an-us---
080 _a810.9005 cha
082 0 0 _a810.9005 cha
_219
100 1 _a24
101 _agju
245 1 0 _aConversations with American writers /
_cCharles Ruas.
906 _a7
_bcbc
_corignew
_d1
_eocip
_f19
_gy-gencatlg
942 _2ddc
_cBK
999 _c44991
_d44991